№ 3; Автоматизация, телемеханизация и связь в нефтяной промышленности

Bibliografiset tiedot
Parent link:Автоматизация, телемеханизация и связь в нефтяной промышленности: научно-технический журнал/ Всероссийский научно-исследовательский институт организации, управления и экономики нефтегазовой промышленности (ОАО ВНИИОЭНГ). № 3.— , 1992-
Kieli:venäjä
Julkaistu: 2013
Aineistotyyppi: MixedMaterials Kirja
KOHA link:https://koha.lib.tpu.ru/cgi-bin/koha/opac-detail.pl?biblionumber=505818

MARC

LEADER 00000nam2a2200000 4500
001 505818
005 20231101103105.0
035 |a (RuTPU)RU\TPU\prd\176658 
090 |a 505818 
100 |a 20130423a19739999k y0rusy50 ca 
101 0 |a rus 
102 |a RU 
200 0 |a № 3 
210 |d 2013 
461 1 |0 (RuTPU)RU\TPU\prd\35  |t Автоматизация, телемеханизация и связь в нефтяной промышленности  |o научно-технический журнал  |f Всероссийский научно-исследовательский институт организации, управления и экономики нефтегазовой промышленности (ОАО ВНИИОЭНГ)  |v № 3  |d 1992- 
801 0 |a RU  |b 63413507  |c 20010227  |g PSBO 
801 1 |a RU  |b 63413507  |c 20130423 
801 2 |a RU  |b 63413507  |c 20230321  |g RCR 
942 |c BK 
999 |a НТБ_ТПУ  |b НФ  |e -1/20130109  |p П-9140  |s 5/20121010  |u 0,00  |v 1